000 00292nam a22001217a 4500
082 _a005.3 JOL'M
100 _a JOLLES, ANTONIA S
_960788
245 _aMASTERING PAGEMAKER ON THE IBM PC
250 _a 2ND
260 _aNEW DELHI
_bBPB PUBLICATIONS
_c1989
300 _a384P
942 _cBK
999 _c570427
_d570427